Escape the Backrooms Levels with Parts - Statistics

General Stats
  • This quiz has been taken 14 times
  • The average score is 4 of 5
Answer Stats
Amount of Parts Answer % Correct
4 Parts The Habitable Zone
100%
3 Parts The Terror Hotel
100%
2 Parts Level 94
83%
5 Parts Level Fun+
83%
4 Parts The Dark Poolrooms
75%
No matching quizzes found
Score Distribution
Percent of People with Each Score
Percentile by Number Answered
Your Score History
You have not taken this quiz